00681nam a2200229Ia 4500003001000000005001700010007000300027008002700030020001800057040001400075084001100089100003200100245007900132250001800211264003300229300004000262336002700302337003300329338002800362490002300390650003800413CO-BoRNBP20230403192209.0ta170628s2008 ck a g 000 f s a9789583000775 cCO-BoRNBP aN DIC1 aDickens, Charlesd1812-1870 aCanción de navidadcCharles Dickens ; ilustrado por Carlos Ardila Mateus a1a. edición aBogotábPanamericanac2008 a148 páginasbilustracionesc20 cm 2rdacontentatextobtxt 2rdamediaasin mediaciónbn 2rdacarrieravolumenbnc aLiteratura Juvenil 2LEMBaNovela juvenil inglesayXIX